LIBRARY & INFORMATION CENTRE, KCAET, TAVANUR

ONLINE PUBLIC ACCESS CATALOGUE (OPAC)

Workshop integrated development of irrigated and dryland agriculture in Maharashtra:21-22 december 1995 Aurangabad : Proceedings / (Record no. 10678)

MARC details
000 -LEADER
fixed length control field 00468cam a2200145ua 4500
003 - CONTROL NUMBER IDENTIFIER
control field OSt
008 - FIXED-LENGTH DATA ELEMENTS--GENERAL INFORMATION
fixed length control field 260213b |||||||| |||| 00| 0 eng d
041 ## - LANGUAGE CODE
Language code of text/sound track or separate title eng
082 ## - DEWEY DECIMAL CLASSIFICATION NUMBER
Classification number 028.7463
Item number CEN/WO
245 ## - TITLE STATEMENT
Title Workshop integrated development of irrigated and dryland agriculture in Maharashtra:21-22 december 1995 Aurangabad : Proceedings /
260 ## - PUBLICATION, DISTRIBUTION, ETC. (IMPRINT)
Place of publication :
Name of publisher central board of irrigation and power ,
Year of publication 1995.
300 ## - PHYSICAL DESCRIPTION
Number of Pages 260 ; .
942 ## - ADDED ENTRY ELEMENTS (KOHA)
Koha item type Books
Holdings
Withdrawn status Lost status Damaged status Home library Current library Date acquired Full call number Accession Number Koha item type
      KAUAET KAUAET 07/04/2012 028.7463 20240 Reference
free website counter